Lives of the most eminent English poets, (Record no. 553219)
[ view plain ]
| 000 -LEADER | |
|---|---|
| fixed length control field | 00494cam a2200169u 4500 |
| 082 ## - DEWEY DECIMAL CLASSIFICATION NUMBER | |
| Classification number | 923.21 |
| Author Mark | JOH |
| 100 1# - MAIN ENTRY--PERSONAL NAME | |
| Personal name | Johnson, Samuel, |
| 9 (RLIN) | 50479 |
| 245 10 - TITLE STATEMENT | |
| Title | Lives of the most eminent English poets, |
| 260 ## - PUBLICATION, DISTRIBUTION, ETC. | |
| Place of publication, distribution, etc. | London, |
| Name of publisher, distributor, etc. | J. Murray, |
| Date of publication, distribution, etc. | 1854. |
| 300 ## - PHYSICAL DESCRIPTION | |
| Extent | 3 v. |
| Dimensions | 22 cm. |
| 526 ## - STUDY PROGRAM INFORMATION NOTE | |
| Program name | 0 |
| Interest level | 0 |
| Reading level | 0 |
| Title point value | 923_210000000000000_JOH |
| 650 #0 - SUBJECT ADDED ENTRY--TOPICAL TERM | |
| Topical term or geographic name entry element | English poetry |
| General subdivision | History and criticism. |
| 9 (RLIN) | 50480 |
| 650 #0 - SUBJECT ADDED ENTRY--TOPICAL TERM | |
| Topical term or geographic name entry element | MCE |
| 9 (RLIN) | 379 |
| 650 #0 - SUBJECT ADDED ENTRY--TOPICAL TERM | |
| Topical term or geographic name entry element | Poets, English |
| 9 (RLIN) | 50481 |
| 700 1# - ADDED ENTRY--PERSONAL NAME | |
| Personal name | Cunningham, Peter, |
| 9 (RLIN) | 50482 |
| 942 ## - ADDED ENTRY ELEMENTS (KOHA) | |
| Source of classification or shelving scheme | |
| Koha item type | Book |
| Withdrawn status | Lost status | Source of classification or shelving scheme | Damaged status | Not for loan | Permanent Location | Current Location | Shelving location | Date acquired | Total Checkouts | Full call number | Barcode | Date last seen | Price effective from | Koha item type |
|---|---|---|---|---|---|---|---|---|---|---|---|---|---|---|
| Military College of Engineering (MCE) | Military College of Engineering (MCE) | 02/02/2015 | 923.21 JOH | MCE-ECL/43 | 02/02/2015 | 02/02/2015 | Book |
